| 000 | 00384nam a2200145Ia 4500 | ||
|---|---|---|---|
| 008 | 230917s9999||||xx |||||||||||||| ||und|| | ||
| 040 |
_e45182 _aMAIN |
||
| 041 | _aEnglish | ||
| 082 | _a339.2 J724E | ||
| 100 | _aJones, Richard | ||
| 245 | 0 | _aEssay on the distribution of wealth and on the sources of taxation | |
| 260 |
_aNew York _bKelley _c1964 |
||
| 300 | _av. p. | ||
| 942 | _cBK | ||
| 999 |
_c148113 _d148113 |
||